| 000 | 00368nam a22001451a 4500 | ||
|---|---|---|---|
| 082 |
_aM300 7 _bHEM/L |
||
| 100 | _aHemalatha G | ||
| 245 |
_aLakshmana rekha murichu kadakkumbol/ _cby Hemalatha G |
||
| 260 |
_aCalicut: _bPappiyon, _c2004. |
||
| 300 | _a191p. | ||
| 650 | _aNovel Malayalam Study | ||
| 650 | _aLiterature Malayalam | ||
| 650 | _aLiterature | ||
| 942 | _cBK | ||
| 999 |
_c25122 _d25122 |
||